00363nam a22001577a 4500003000500000005001700005008004100022020002200063040000900085082001000094100001300104245002700117250001900144260003200163300001000195ASAB20170510132346.0140211t xxu||||| |||| 00| 0 eng d a978-0-412-35740-4 cASAB a632.8 aD.Walkey aApplied Plant Virology asecond edition aUSbChapman and Hallc1991. a338 P